| 000 | 00593nam a22001817a 4500 | ||
|---|---|---|---|
| 003 | OSt | ||
| 005 | 20190103111036.0 | ||
| 008 | 180220b xxu||||| |||| 00| 0 spa d | ||
| 040 | _cPJ | ||
| 100 |
_9537 _aSolomon, Lewis D. |
||
| 245 | 1 | 4 |
_aLas empresas multinacionales : _by el nuevo orden mundial / _cLewis D. Solomon. |
| 260 |
_aBuenos Aires : _bLa Ley, _c1980. |
||
| 300 |
_a306 p. _c25 cm. |
||
| 504 | _aNotas y citas bibliográficas al final de cada capítulo. | ||
| 650 | 0 |
_aECONOMIA Y FINANZAS _9292 |
|
| 650 | 0 |
_aEMPRESAS MULTINACIONALES _9535 |
|
| 942 |
_2udc _cLIB _h339.726 _iSOL |
||
| 999 |
_c291 _d291 |
||